Detective Conan all movies (1-28) - Statistics

General Stats
  • This quiz has been taken 17 times
  • The average score is 16 of 28
Answer Stats
Movie Answer % Correct
26 Black Iron Submarine
73%
4 Captured in Her Eyes
73%
5 Countdown to Heaven
73%
2 The Fourteenth Target
73%
24 The Scarlet Bullet
73%
1 The Time-Bombed Skyscraper
73%
28 One-eyed Flashback
67%
25 The Bride of Halloween
67%
3 The Last Wizard of the Century
67%
6 The Phantom of Baker Street
67%
12 Full Score of Fear
60%
27 The Million-dollar Pentagram
60%
22 Zero the Enforcer
60%
7 Crossroad in the Ancient Capital
53%
8 Magician of the Silver Sky
53%
15 Quarter of Silence
53%
20 The Darkest Nightmare
53%
16 The Eleventh Striker
53%
23 The Fist of Blue Sapphire
53%
13 The Raven Chaser
53%
18 Dimensional Sniper
47%
17 Private Eye in the Distant Sea
47%
19 Sunflowers of Inferno
47%
21 The Crimson Love Letter
47%
11 Jolly Roger in the Deep Azure
40%
9 Strategy Above the Depths
40%
14 The Lost Ship in the Sky
40%
10 The Private Eyes' Requiem
33%
No matching quizzes found
Score Distribution
Percent of People with Each Score
Percentile by Number Answered
Your Score History
You have not taken this quiz